000 00889nam a2200253Ia 4500
003 OSt
005 20220923215438.0
006 a|||||r|||| 00| 0
007 ta
008 220922b |||||||| |||| 00| 0 hin d
024 _a178,814
037 _cTextual
040 _aARTS
_cARTS
_bhin
041 _2hin
_ahin
082 _aO152,1I83:g(R5), N3
100 _aनारसिंहाचारी, एस. टी.
_9163842
245 0 _aसूर की सौन्दर्य चेतना
246 _aSūr kī saundarya chetanā
260 _aनई दिल्ली
_b राधाकृष्ण प्रकाशन
_c1993
300 _a267 पृ.
_ccm.
650 _aहिन्दी साहित्य
_9156264
942 _hO152,1I83:g(R5), N3
_cTEXL
_2CC
999 _c332195
_d332195